Music Quiz

Random Music or Clickable Quiz

Song Title Chain Quiz Stats

 Plays Quiz Updated Apr 2, 2016

Also try: Finish the Lyric
Challenge
Share
Tweet
Embed
Score 0/25 Timer 02:00
1 Play Today
% Correct
???
97.3%
???
91.1%
???
91.1%
???
91%
???
90.1%
???
85%
???
82.1%
???
81.9%
???
81.4%
???
80.8%
???
79.9%
???
73.4%
???
72%
% Correct
???
71.7%
???
69.6%
???
69.5%
???
63.1%
???
58.9%
???
58.2%
???
58.1%
???
57.4%
???
52.8%
???
38.5%
???
35.5%
???
22.3%

You're not logged in!

Compare scores with friends on all Sporcle quizzes.
OR
Log In

You Might Also Like...

Show Comments

Extras

Top Quizzes Today


Score Distribution

Your Account Isn't Verified!

In order to create a playlist on Sporcle, you need to verify the email address you used during registration. Go to your Sporcle Settings to finish the process.

Report this User

Report this user for behavior that violates our Community Guidelines.

Details: